歐亞非大陸沿岸城市 - Statistics

General Stats
  • This quiz has been taken 7 times
  • The average score is 10 of 97
Answers on the Map
Answers color-coded by a green-red scale on the quiz's map according to % correct below.
 
Answer Stats
城市 % Correct
蔚山
67%
釜山
67%
首爾 - 仁川
50%
大連
50%
天津
50%
煙台
50%
威海
50%
連雲港
50%
上海 - 蘇州 - 無錫 - 常州
50%
營口
33%
日照
33%
寧波
33%
多哈
33%
昌原
17%
秦皇島
17%
青島
17%
慈溪
17%
台州
17%
溫州
17%
廣州 - 佛山 - 東莞 - 深圳 - 中山 - 江門
17%
珠海
17%
湛江
17%
胡志明市
17%
曼谷
17%
吉隆坡
17%
仰光
17%
吉大港
17%
孟買
17%
卡拉奇
17%
科威特城
17%
阿布扎比
17%
杜拜
17%
吉達
17%
摩加迪沙
17%
三蘭港
17%
開普敦
17%
羅安達
17%
拉各斯
17%
蒼南
0%
莆田
0%
廈門 - 泉州
0%
汕頭 - 揭陽 - 潮州
0%
香港
0%
春武里 - 芭提雅
0%
喬治市
0%
維沙卡帕特南
0%
清奈
0%
科契
0%
科澤科德
0%
蘇拉特
0%
達曼
0%
馬斯喀特
0%
蒙巴薩
0%
馬普托
0%
德班
0%
伊莉莎白港
0%
黑角
0%
杜阿拉
0%
柯多努
0%
洛美
0%
阿克拉
0%
阿比讓
0%
蒙羅維亞
0%
自由城
0%
科納克里
0%
達喀爾
0%
努瓦克肖特
0%
阿加迪爾
0%
卡薩布蘭卡
0%
拉巴特
0%
丹吉爾
0%
瓦赫蘭
0%
阿爾及爾
0%
突尼斯
0%
蘇塞
0%
的黎波里
0%
亞歷山大港
0%
加沙
0%
特拉維夫 - 雅法
0%
貝魯特
0%
安塔利亞
0%
伊茲密爾
0%
伊斯坦堡
0%
敖得薩
0%
雅典
0%
拿坡里
0%
馬賽
0%
巴塞隆拿
0%
華倫西亞
0%
馬拉加
0%
里斯本
0%
波圖
0%
鹿特丹 - 海牙
0%
聖彼德堡
0%
赫爾辛基
0%
斯德哥爾摩
0%
奧斯陸
0%
No matching quizzes found
Score Distribution
Percent of People with Each Score
Percentile by Number Answered
Your Score History
You have not taken this quiz